000 00312nam a22001337a 4500
008 170911b xxu||||| |||| 00| 0 eng d
020 _a9780131418897
041 _aeng
080 _23RD
_a53
100 _a43
101 _aFIZ
245 _aPHYSICS FOR SCIENTISTS AND ENGINEERS
_cFISHBANE,P.M
942 _2udc
_cBK
999 _c27121
_d27121